000 00775nam a2200205 a 4500
003 0
005 20250502105519.0
008 021107s19uu xx 00 eng d
050 _aPGS Z 1003.5
_b.V472 2002
100 _aVenzuela, Camille G.
245 _aEffects of the Harry Potter movie on the grade six students /
_cCamille G. Venzuela.
260 _aLas PiƱas City, Philippines :
_bSouthville International School and Colleges,
_c2002.
300 _a28 pages :
_billustrations ;
_c28 cm.
504 _aIncludes bibliographical references.
650 _aHarry Potter films
_vInfluence on reading.
650 _aReading interests
_vElementary school students.
650 _aMotion pictures and children.
650 _aChildren
_vBooks and reading.
942 _2lcc
_cPASS
999 _c96587
_d96587